[Event "ZL-2011-0-01030"]
[Site "LSS email"]
[Date "2011.11.29"]
[Round "?"]
[White "Brooks, Mary"]
[Black "Keller, Thomas L"]
[Result "0-1"]
[WhiteElo "800"]
[BlackElo "1821"]
[PlyCount "36"]
[EventDate "2011.11.23"]
[EventType "match (corr)"]
[EventRounds "2"]
[EventCountry "GER"]
[SourceTitle "Telechess CBM 149"]
[Source "ChessBase"]
[SourceDate "2012.07.17"]
[SourceVersion "1"]
[SourceVersionDate "2012.07.17"]
[SourceQuality "1"]

1. Nf3 b6 2. d4 Nf6 3. b3 e6 4. e3 Ne4 5. Qd3 d5 6. g3 Bb4+ 7. Nbd2 Bc3 8. Rb1 Ba6 9. Qxc3 Nxc3 10. Ra1 Bxf1 11. Kxf1 c5 12. Ba3 Nd7 13. b4 0-0 14. bxc5 bxc5 15. dxc5 Qa5 16. Ng5 Qxa3 17. f4 Qa6+ 18. Ke1 Qe2# 0-1

[Event "ZL-2011-0-01021"]
[Site "LSS email"]
[Date "2011.11.20"]
[Round "?"]
[White "Brooks, Mary"]
[Black "Keller, Thomas L"]
[Result "0-1"]
[WhiteElo "800"]
[BlackElo "1821"]
[PlyCount "46"]
[EventDate "2011.11.14"]
[EventType "match (corr)"]
[EventRounds "2"]
[EventCountry "GER"]
[SourceTitle "Telechess CBM 149"]
[Source "ChessBase"]
[SourceDate "2012.07.17"]
[SourceVersion "1"]
[SourceVersionDate "2012.07.17"]
[SourceQuality "1"]

1. d4 Nf6 2. Nf3 e6 3. g3 b6 4. c3 Bb7 5. Bg2 Be7 6. b4 0-0 7. a3 c5 8. dxc5 bxc5 9. bxc5 Qc7 10. Bd2 Na6 11. 0-0 Nxc5 12. Bh1 Nce4 13. Bc1 Nxc3 14. Nxc3 Qxc3 15. Bd2 Qc4 16. Rc1 Qd5 17. Bg5 Bxa3 18. Ra1 Bc5 19. Rc1 d6 20. Qd2 Qxd2 21. Nxd2 Bxh1 22. e3 Bd5 23. f4 Bxe3+ 0-1